Loading...
| Fine Arts - Classical Music | 9 | 17.78 | 89% | 89% | 0% |
| Fine Arts - Other Fine Arts | 5 | 24.00 | 100% | 80% | 60% |
| Fine Arts - Visual Fine Arts | 6 | 18.33 | 100% | 67% | 17% |
| Geography/Current Events | 3 | 16.67 | 100% | 67% | 0% |
| History - American History | 7 | 18.57 | 86% | 86% | 14% |
| History - European History | 6 | 15.00 | 100% | 50% | 0% |
| History - Other History | 8 | 15.00 | 75% | 63% | 13% |
| History - World History | 5 | 18.00 | 80% | 80% | 20% |
| Literature - American Literature | 6 | 21.67 | 83% | 83% | 50% |
| Literature - British Literature | 6 | 20.00 | 100% | 83% | 17% |
| Literature - European Literature | 4 | 27.50 | 100% | 100% | 75% |
| Literature - World/Other Literature | 6 | 23.33 | 100% | 100% | 33% |
| Mythology | 6 | 20.00 | 83% | 83% | 33% |
| Other Academic | 2 | 25.00 | 100% | 100% | 50% |
| Philosophy | 6 | 15.00 | 67% | 67% | 17% |
| Pop Culture | 1 | 20.00 | 100% | 100% | 0% |
| Religion | 6 | 20.00 | 100% | 83% | 17% |
| Science - Biology | 5 | 10.00 | 60% | 20% | 20% |
| Science - Chemistry | 4 | 15.00 | 50% | 100% | 0% |
| Science - Other Science | 6 | 18.33 | 100% | 67% | 17% |
| Science - Physics | 8 | 21.25 | 100% | 88% | 25% |
| Social Science | 6 | 20.00 | 100% | 67% | 33% |
| World/Other Literature> | 1 | 20.00 | 100% | 100% | 0% |